000 00271nam a2200109Ia 4500
005 20251222154343.0
008 251222s9999||||xx |||||||||||||| ||spa||
082 _a630.985/M33
245 0 _aEstructura y dinĂ¡micas del espacio agropecuario
264 _bINEI
942 _cLIB
999 _c34605
_d34605